BUBT Library Online Catalog

Applied Linguistics in Language Education/ (Record no. 7139)

000 -LEADER
fixed length control field 00733nam a22002297a 4500
003 - CONTROL NUMBER IDENTIFIER
control field BUBTL
008 - FIXED-LENGTH DATA ELEMENTS--GENERAL INFORMATION
fixed length control field 231116b ||||| |||| 00| 0 eng d
020 ## - INTERNATIONAL STANDARD BOOK NUMBER
International Standard Book Number 034070621
041 ## - LANGUAGE CODE
Language code of text/sound track or separate title eng
082 ## - DEWEY DECIMAL CLASSIFICATION NUMBER
Classification number 418.0071/ M1471a/ 2002
100 ## - MAIN ENTRY--PERSONAL NAME
Personal name McDonough, Steven
9 (RLIN) 5577
245 ## - TITLE STATEMENT
Title Applied Linguistics in Language Education/
Statement of responsibility, etc. Steven McDonough
260 ## - PUBLICATION, DISTRIBUTION, ETC. (IMPRINT)
Place of publication, distribution, etc. New York :
Name of publisher, distributor, etc. Oxford University Press,
Date of publication, distribution, etc. c2002
300 ## - PHYSICAL DESCRIPTION
Extent ix, 178 p. :
Dimensions 22 cm.
500 ## - GENERAL NOTE
General note Includes Index and Bibliography
505 ## - FORMATTED CONTENTS NOTE
Formatted contents note Applied Linguistics in Language Education, Steven McDonough, English Language
526 ## - STUDY PROGRAM INFORMATION NOTE
Program name English Language
650 #0 - SUBJECT ADDED ENTRY--TOPICAL TERM
9 (RLIN) 194
Topical term or geographic name as entry element English Language
856 ## - ELECTRONIC LOCATION AND ACCESS
Password 0
Logon 0
Link text Download
942 ## - ADDED ENTRY ELEMENTS (KOHA)
Source of classification or shelving scheme
Koha item type Books
Holdings
Withdrawn status Lost status Source of classification or shelving scheme Damaged status Not for loan Collection code Permanent location Current location Shelving location Date acquired Source of acquisition Inventory number Total Checkouts Full call number Barcode Date last seen Copy number Price effective from Koha item type
          Fiction Bangladesh University of Business and Technology Library Bangladesh University of Business and Technology Library English Literature Stacks 02/11/2007 Purchase 3475   418.0071/ M1471a/ 2002 BUBTL-20033475 11/16/2023 C-1 11/16/2023 Books

More Information About Library

Library Hours

  • Open: 9.00 am. to 9.00 pm.
  • Only Sunday: 9.00 am. to 6.00 pm.
  • Closed: Holiday

Contact to the University

Bangladesh University of Business and Technology Library

  • Mirpurl-2, 1216.
  • Phone:
  • Fax:
  • E-Mail: admin.library@bubt.edu.bd

Contact to the Library

Contact Person:

Md. Abdul Hakim Shah
Joint Librarian
PABX No:  113
Cell No: 01816332931
E-mail: official: admin.library@bubt.edu.bd
Personal: hakim.shah@bubt.edu.bd


BUBT Library

Copyright © 2021